|
|
|
|
| LEADER |
00000nab a2200000 a 4500 |
| 001 |
vtls000641955 |
| 003 |
SK-MaSNL |
| 005 |
20260303214214.0 |
| 008 |
160401c1997 xo 0 slo |
| 015 |
|
|
|a SNBRB19rr/mm-uuuuu
|
| 035 |
|
|
|a CL0642094
|
| 040 |
|
|
|a SNKBUCL
|b slo
|c SNKBUCL
|e AACR2
|
| 041 |
0 |
|
|a slo
|
| 044 |
|
|
|a xo
|c SK
|
| 080 |
|
|
|a 262.1:256:282
|2 1981
|
| 080 |
|
|
|a 256
|2 1981
|
| 080 |
|
|
|a 282
|2 1981
|
| 100 |
1 |
|
|a F. S.
|4 aut
|9 324410
|
| 245 |
1 |
0 |
|a Spolupráca medzi kňazmi a laikmi
|c F.S.
|
| 650 |
0 |
7 |
|a rímskokatolícki kňazi
|2 SNK
|9 439322
|
| 650 |
0 |
7 |
|a laici (náboženstvo)
|2 SNKPH
|9 112022
|
| 655 |
|
7 |
|a články z novín a časopisov
|2 SNK
|9 267496
|
| 773 |
0 |
|
|x 0139-8512
|t Katolícke noviny
|g Roč. 112, č. 50 (1997), s. 6
|
| 850 |
|
|
|a Slovenská národná knižnica v Martine
|a MTA001
|
| 852 |
|
|
|a SNK
|b KIS3GCP
|
| 958 |
|
|
|a RK
|
| 958 |
|
|
|a RBX
|
| 999 |
|
|
|c 2215880
|d 2217810
|